Statistics for Guest Stars on TV

Click here to take the quiz!

General Stats

  • This quiz has been taken 41 times
  • The average score is 8 of 16

Answer Stats

Hint for the StarShowAnswer% Correct
"Friends" lead actressSouth ParkJennifer Aniston
86%
"Playboy" founderFamily GuyHugh Hefner
84%
"The Apprentice" host, PresidentSex and the CityDonald Trump
81%
British PM 1997-2007The SimpsonsTony Blair
76%
"Dr. House"FriendsHugh Laurie
73%
Darth Vader's voiceThe Big Bang TheoryJames Earl Jones
73%
Clarice StarlingThe X FilesJodie Foster
70%
Model, Seal's wifeHow I Met Your MotherHeidi Klum
62%
"Gangsta's Paradise" singerFuturamaCoolio
59%
The GovernatorTwo and a Half MenArnold Schwarzenegger
46%
Vice President/Nobel laureate30 RockAl Gore
43%
MacheteBreaking BadDanny Trejo
35%
O-Ren IshiiE.R.Lucy Liu
19%
Dr. McCoy in the Original SeriesStar Trek: The Next GenerationDeForest Kelley
14%
Director ("Tootsie")The SopranosSydney Pollack
14%
Director ("Down by Law")SpongeBob SquarePantsJim Jarmusch
0%

Score Distribution

Percentile by Number Answered

Percent of People with Each Score

Your Score History

You have not taken this quiz